Ressources génétiques des plantes fourragères et à gazon

Đã lưu trong:
Bibliografiske detaljer
Hovedforfatter: J M Prosperi
Format: Bog
Sprog:Undetermined
Udgivet: Paris INRA
Fag:
Tags: Tilføj Tag
Ingen Tags, Vær først til at tagge denne postø!
Thư viện lưu trữ: Trung tâm Học liệu Trường Đại học Cần Thơ
LEADER 00498nam a2200169Ia 4500
001 CTU_21846
008 210402s9999 xx 000 0 und d
082 |a 633.2 
082 |b P966 
100 |a J M Prosperi 
245 0 |a Ressources génétiques des plantes fourragères et à gazon 
245 0 |c J M Prosperi, F Balfourier, P Guy 
260 |a Paris 
260 |b INRA 
650 |a forage plants,pastures 
904 |i Minh, 980122 
980 |a Trung tâm Học liệu Trường Đại học Cần Thơ